000
00197nam a2200085 4500
001
1258110
005
20260226133627.0
245
_a
BAK ŞU ÇAY SÜZGECİNE
_c
ZEKİYE ÇOBAN
260
_b
ERDEM YAYINLARI
999
_c
1258110
_d
1258110